000 00536nam a2200205Ia 4500
005 20250425161344.0
008 250425s9999 xx 000 0 und d
020 _a0070041237
041 _aeng
082 _a620.1
100 _aBAUMEISTER, THEODORE
245 0 _aMARKS STANDARD HANDBOOK FOR MECHANICAL ENGINEERS
250 _a8TH ED.
260 _aEstados Unidos
_bMcGRAW-HILL
_c1978
260 _aNEW YORK
650 _aINGENIERIA MECANICA-MANUALES
700 _aBAUMEISTER III, THEODORE
942 _c01
010 _a18428
999 _c207564
_d207564